000 00456cam a2200169ua 4500
020 _c15.00
041 _aeng
_h
082 _a338.1
_bHEA/EL
100 _aHeady, Earl O .
245 _aEconomics of agricultural production and resources use /
_cEarl O Heady.
_hTextual Documents
260 _aNew Delhi :
_bPrentice Hall of India Pvt Ltd. ,
_c1964.
300 _a850 ; .
365 _a15.00
504 _a
942 _cBK
999 _c4666
_d4666